ASOIAF: Maester or Septon Quiz Stats

 Plays Quiz Updated Mar 7, 2015

Challenge
Share
Tweet
Embed
Score 0/20 Timer 05:00
1 Play Today
Character Maester (M) or Septon/a (S) % Correct
Aemon Targaryen???
97.3%
Luwin???
90.1%
Pycelle???
89.4%
Qyburn???
87.4%
Cressen???
87.4%
Colemon???
82.4%
Mordane???
79.9%
Barre???
77.5%
Pylos???
74.3%
Meribald???
72.2%
Character Maester (M) or Septon/a (S) % Correct
Moelle???
66.9%
Frenken???
64.7%
Utt???
63.7%
Chayle???
59.5%
Raynard???
58.3%
Cellador???
57.6%
Luceon Frey???
57.3%
Ballabar???
45.1%
Ollidor???
43.4%
Kedry???
43.3%

You're not logged in!

Compare scores with friends on all Sporcle quizzes.
OR
Log In

You Might Also Like...

Show Comments

Extras

Top Quizzes Today


Score Distribution

Your Account Isn't Verified!

In order to create a playlist on Sporcle, you need to verify the email address you used during registration. Go to your Sporcle Settings to finish the process.

Report this User

Report this user for behavior that violates our Community Guidelines.

Details: